<?xml version="1.0" encoding="UTF-8"?>
<record
    xmlns:xsi="http://www.w3.org/2001/XMLSchema-instance"
    xsi:schemaLocation="http://www.loc.gov/MARC21/slim http://www.loc.gov/standards/marcxml/schema/MARC21slim.xsd"
    xmlns="http://www.loc.gov/MARC21/slim">

  <leader>03130cam a2200289 i 4500</leader>
  <controlfield tag="003">DO-SdBNP</controlfield>
  <controlfield tag="005">20240725091329.0</controlfield>
  <controlfield tag="007">ta</controlfield>
  <controlfield tag="008">240625s2009    sp b          000 f spa d</controlfield>
  <datafield tag="020" ind1=" " ind2=" ">
    <subfield code="a">9788490623701</subfield>
  </datafield>
  <datafield tag="040" ind1=" " ind2=" ">
    <subfield code="a">DO-SdBNP</subfield>
    <subfield code="c">spa</subfield>
    <subfield code="d">BNPHU </subfield>
    <subfield code="e">rda</subfield>
  </datafield>
  <datafield tag="082" ind1=" " ind2="4">
    <subfield code="b">A432</subfield>
    <subfield code="2">22</subfield>
  </datafield>
  <datafield tag="100" ind1="1" ind2=" ">
    <subfield code="a">Allende, Isabel,</subfield>
    <subfield code="d">1942-</subfield>
    <subfield code="9">24166</subfield>
    <subfield code="e">autora</subfield>
  </datafield>
  <datafield tag="245" ind1="1" ind2="3">
    <subfield code="a">La isla bajo el mar /</subfield>
    <subfield code="c">Isabel Allende </subfield>
  </datafield>
  <datafield tag="264" ind1=" " ind2="3">
    <subfield code="c">Barcelona, Espa&#xF1;a :</subfield>
    <subfield code="a">Penguin Random House, </subfield>
    <subfield code="b">2009.</subfield>
  </datafield>
  <datafield tag="300" ind1=" " ind2=" ">
    <subfield code="a">510 p&#xE1;ginas :</subfield>
    <subfield code="b">mapas ;</subfield>
    <subfield code="c">19 cm.</subfield>
  </datafield>
  <datafield tag="336" ind1=" " ind2=" ">
    <subfield code="2">rdacontent</subfield>
    <subfield code="a">texto</subfield>
    <subfield code="b">txt</subfield>
  </datafield>
  <datafield tag="337" ind1=" " ind2=" ">
    <subfield code="2">rdamedia</subfield>
    <subfield code="a">sin mediaci&#xF3;n</subfield>
    <subfield code="b">n</subfield>
  </datafield>
  <datafield tag="338" ind1=" " ind2=" ">
    <subfield code="2">rdacarrier</subfield>
    <subfield code="a">volumen</subfield>
    <subfield code="b">nc</subfield>
  </datafield>
  <datafield tag="490" ind1="1" ind2=" ">
    <subfield code="a">Debolsillo</subfield>
  </datafield>
  <datafield tag="500" ind1=" " ind2=" ">
    <subfield code="a">Incluye datos biograf&#xED;cos de la autora en la p&#xE1;gina 4.</subfield>
  </datafield>
  <datafield tag="500" ind1=" " ind2=" ">
    <subfield code="a">La biblioteca posee la cuarta reimpresi&#xF3;n de abril de 2018. </subfield>
  </datafield>
  <datafield tag="520" ind1=" " ind2=" ">
    <subfield code="a">La azarosa historia de una esclava en el Santo Domingo del siglo  XVIII que lograr&#xE1; librarse de los estigmas que la sociedad le ha impuesto para conseguir la libertad.

Para ser una esclava en el Saint-Domingue de finales del siglo XVIII,  Zarit&#xE9; hab&#xED;a tenido buena estrella: a los nueve a&#xF1;os fue vendida a  Toulouse Valmorain, un rico terrateniente, pero no conoci&#xF3; ni el  agotamiento de las plantaciones de ca&#xF1;a ni la asfixia y el sufrimiento  de los trapiches, porque siempre fue una esclava dom&#xE9;stica. Su bondad  natural, fortaleza de esp&#xED;ritu y honradez le permitieron compartir los  secretos y la espiritualidad que ayudaban a sobrevivir a los suyos, los  esclavos, y conocer las miserias de los amos, los blancos.

Zarit&#xE9; se convirti&#xF3; en el centro de un microcosmos que era un reflejo  del mundo de la colonia: el amo Valmorain, su fr&#xE1;gil esposa espa&#xF1;ola y  su sensible hijo Maurice, el sabio Parmentier, el militar Relais y la  cortesana mulata Violette, Tante Rose, la curandera, Gambo, el apuesto  esclavo rebelde... y otros personajes de una cruel conflagraci&#xF3;n que acabar&#xED;a arrasando su tierra y lanz&#xE1;ndolos lejos de ella.

Al ser llevada por su amo a Nueva Orleans, Zarit&#xE9; inici&#xF3; una nueva etapa  en la que alcanzar&#xED;a su mayor aspiraci&#xF3;n: la libertad. M&#xE1;s all&#xE1; del  dolor y del amor, de la sumisi&#xF3;n y la independencia, de sus deseos y los  que le hab&#xED;an impuesto a lo largo de su vida, Zarit&#xE9; pod&#xED;a contemplarla con serenidad y concluir que hab&#xED;a tenido buena estrella.

&#xAB;En mis cuarenta a&#xF1;os, yo, Zarit&#xE9; Sedella, he tenido mejor suerte que  otras esclavas. Voy a vivir largamente y mi vejez ser&#xE1; contenta porque  mi estrella -mi z'etoile- brilla tambi&#xE9;n cuando la noche est&#xE1; nublada.  Conozco el gusto de estar con el hombre escogido por mi coraz&#xF3;n cuando  sus manos grandes me despiertan la piel. He tenido cuatro hijos y un  nieto, y los que est&#xE1;n vivos son libres. Mi primer recuerdo de  felicidad, cuando era una mocosa huesuda y desgre&#xF1;ada, es moverme al son  de los tambores y &#xE9;sa es tambi&#xE9;n mi m&#xE1;s reciente felicidad, porque anoche estuve en la plaza del Congo bailando y bailando, sin  pensamientos en la cabeza, y hoy mi cuerpo est&#xE1; caliente y cansado.&#xBB;</subfield>
  </datafield>
  <datafield tag="590" ind1=" " ind2=" ">
    <subfield code="a">Inventariado, 2024/ YL</subfield>
  </datafield>
  <datafield tag="910" ind1=" " ind2=" ">
    <subfield code="a">YLockward</subfield>
  </datafield>
  <datafield tag="942" ind1=" " ind2=" ">
    <subfield code="2">ddc</subfield>
    <subfield code="c">LBS1</subfield>
  </datafield>
  <datafield tag="952" ind1=" " ind2=" ">
    <subfield code="0">0</subfield>
    <subfield code="1">0</subfield>
    <subfield code="2">ddc</subfield>
    <subfield code="5">1</subfield>
    <subfield code="7">0</subfield>
    <subfield code="8">PD</subfield>
    <subfield code="a">BNPHU</subfield>
    <subfield code="b">BNPHU</subfield>
    <subfield code="c">CT</subfield>
    <subfield code="d">2019-05-05</subfield>
    <subfield code="e">Compra</subfield>
    <subfield code="l">0</subfield>
    <subfield code="o">BNPHU PD A432i</subfield>
    <subfield code="p">2024-3692</subfield>
    <subfield code="r">2024-06-25</subfield>
    <subfield code="w">2024-06-25</subfield>
    <subfield code="y">LBS1</subfield>
  </datafield>
  <datafield tag="999" ind1=" " ind2=" ">
    <subfield code="c">56959</subfield>
    <subfield code="d">56959</subfield>
  </datafield>
</record>
